Detalles MARC
| 000 -LEADER |
| fixed length control field |
02090cam a2200433 i 4500 |
| 001 - CONTROL NUMBER |
| control field |
5623 |
| 003 - CONTROL NUMBER IDENTIFIER |
| control field |
Mx-PuUPA |
| 005 - DATE AND TIME OF LATEST TRANSACTION |
| control field |
20240410103440.0 |
| 008 - FIXED-LENGTH DATA ELEMENTS--GENERAL INFORMATION |
| fixed length control field |
140415s1978 sp ab re 000 0 spa d |
| 020 ## - INTERNATIONAL STANDARD BOOK NUMBER |
| International Standard Book Number |
8474900077 (obra completa) |
| 020 ## - INTERNATIONAL STANDARD BOOK NUMBER |
| International Standard Book Number |
8474900018 (t.1) |
| 020 ## - INTERNATIONAL STANDARD BOOK NUMBER |
| International Standard Book Number |
8474900395 (t.2) |
| 020 ## - INTERNATIONAL STANDARD BOOK NUMBER |
| International Standard Book Number |
8474900425 (t.3) |
| 020 ## - INTERNATIONAL STANDARD BOOK NUMBER |
| International Standard Book Number |
8474900492 (t.4) |
| 020 ## - INTERNATIONAL STANDARD BOOK NUMBER |
| International Standard Book Number |
8474900115 (t.5) |
| 020 ## - INTERNATIONAL STANDARD BOOK NUMBER |
| International Standard Book Number |
8474900123 (t.6) |
| 040 ## - CATALOGING SOURCE |
| Original cataloging agency |
MX-PuUPA |
| Language of cataloging |
spa |
| Description conventions |
rda |
| Transcribing agency |
Mx-PuUPA |
| Modifying agency |
Mx-PuUPA |
| 041 0# - LANGUAGE CODE |
| Language code of text/sound track or separate title |
spa |
| 100 1# - MAIN ENTRY--PERSONAL NAME |
| Personal name |
Léon, Pierre, |
| Relator term |
autor |
| 9 (RLIN) |
6590 |
| 240 10 - UNIFORM TITLE |
| Uniform title |
Histoire économique et sociale du monde. |
| Language of a work |
Español |
| 245 10 - TITLE STATEMENT |
| Title |
Historia económica y social del mundo / |
| Statement of responsibility, etc. |
Pierre León. |
| 264 #1 - PRODUCTION, PUBLICATION, DISTRIBUTION, MANUFACTURE, AND COPYRIGHT NOTICE |
| Place of production, publication, distribution, manufacture |
Madrid : |
| Name of producer, publisher, distributor, manufacturer |
Ediciones Encuentro, |
| Date of production, publication, distribution, manufacture, or copyright notice |
1978 |
| 300 ## - PHYSICAL DESCRIPTION |
| Extent |
6 volúmenes (paginación varía) : |
| Other physical details |
ilustraciones, mapas, gráficas ; |
| Dimensions |
24 cm. |
| 336 ## - CONTENT TYPE |
| Content type term |
texto |
| Fuente |
rdacontent |
| Content type code |
txt |
| 337 ## - MEDIA TYPE |
| Media type term |
sin medio |
| Source |
rdamedia |
| Media type code |
n |
| 338 ## - CARRIER TYPE |
| Carrier type term |
volumen |
| Source |
rdacarrier |
| Carrier type code |
nc |
| 505 0# - FORMATTED CONTENTS NOTE |
| Miscellaneous information |
t.1. |
| Title |
La apertura del mundo siglos XIV-XVI / |
| Statement of responsibility |
dirigido por Bartolomé Bennassar y Pierre Chaunu -- |
| Miscellaneous information |
t.2. |
| Title |
Los desequilibrios del crecimiento 1580-1730 / |
| Statement of responsibility |
dirigido por Pierre Deyon y Jean Jacquart -- |
| Miscellaneous information |
t.3. |
| Title |
Inercias y revoluciones 1730-1840 / |
| Statement of responsibility |
dirigido por Louis Bergeron -- |
| Miscellaneous information |
t.4. |
| Title |
La dominación del capitalismo 1840-1914 / |
| Statement of responsibility |
dirigido por Gilbert Garrier -- |
| Miscellaneous information |
t.5. |
| Title |
Guerras y crisis 1914-1947 / |
| Statement of responsibility |
dirigido por George Dupeux -- |
| Miscellaneous information |
t.6. |
| Title |
El nuevo siglo XX 1947 a nuestros días / |
| Statement of responsibility |
dirigido por Pierre Léon. |
| 650 #4 - SUBJECT ADDED ENTRY--TOPICAL TERM |
| Topical term or geographic name entry element |
Historia económica |
| 650 #4 - SUBJECT ADDED ENTRY--TOPICAL TERM |
| Topical term or geographic name entry element |
Historia social |
| 650 #4 - SUBJECT ADDED ENTRY--TOPICAL TERM |
| Topical term or geographic name entry element |
Capitalismo |
| 765 08 - ORIGINAL LANGUAGE ENTRY |
| Main entry heading |
León, Pierre, |
| Physical description |
t.1 |
| Title |
Louverture du monde XIV-XVI siècles. |
| 765 08 - ORIGINAL LANGUAGE ENTRY |
| Main entry heading |
León, Pierre, |
| Note |
t.2 |
| Title |
Les hésitations de la croissance. |
| 765 08 - ORIGINAL LANGUAGE ENTRY |
| Main entry heading |
León, Pierre, |
| Note |
t.3 |
| Title |
Inerties et revolutions 1730-1840. |
| 765 08 - ORIGINAL LANGUAGE ENTRY |
| Main entry heading |
León, Pierre, |
| Note |
t.4 |
| Title |
La domination du capitalisme 1840-1914. |
| 765 08 - ORIGINAL LANGUAGE ENTRY |
| Main entry heading |
León, Pierre, |
| Note |
t.5 |
| Title |
Guerres et crises 1914-1947. |
| 765 08 - ORIGINAL LANGUAGE ENTRY |
| Main entry heading |
León, Pierre, |
| Note |
t.6 |
| Title |
Le second XX siècle 1947 à nos jours. |
| 942 ## - ADDED ENTRY ELEMENTS (KOHA) |
| Source of classification or shelving scheme |
Dewey Decimal Classification |
| Koha item type |
Libro |
| Classification part |
330.9 |
| Item part |
L576 |